Statistiken für Geschichte nach Buchstabe - F

Klicken Sie hier um das Quiz zu spielen!

Allgemein

  • Dieses Quiz wurde 3.134 mal gespielt
  • Das Durchschnittsergebnis liegt bei 12 aus 22

Antwortstatistiken

HinweisAntwort% Korrekt
Jüdisches Mädchen, das sich in einem Amsterdamer Haus versteckteAnne Frank
94%
Österreichischer Begründer der PsychoanalyseSigmund Freud
89%
Tragödie von Goethe über einen TeufelspaktFaust
86%
Seine Ermordung startete den 1. WeltkriegFranz Ferdinand
85%
Stadt der MediciFlorenz
79%
Welcher preußische König galt als aufgeklärt?Friedrich II.
78%
Mussolinis "ismus"Faschismus
73%
Krieg zwischen Argentinien und GroßbritannienFalklandkrieg
72%
Zeit, in der die Guillotine große Verwendung fandFranzösische Revolution
69%
Gründungsvater der USA, auf der 100-Dollar-Note zu sehenBenjamin Franklin
68%
Mittelalterliches System bestehend aus Landherren und LehnsmännerFeudalismus
63%
Was Spanien den USA 1819 abtratFlorida
55%
Nachfolger von NixonGerald Ford
53%
Wandmalerstil, der im Italien der Renaissance beliebt warFresko
44%
Entdecker des PenicillinsAlexander Fleming
39%
Bund der glaubt, dass die ständige Arbeit an sich selbst
zu einem menschlicheren Verhalten führt
Freimaurerei
39%
SchwarzpulververschwörerGuy Fawkes
33%
Engländer, der den Elektromagnetismus entdeckteMichael Faraday
29%
Anderer Name für das KolosseumAmphitheatrum {Flavium}
18%
Symbol auf dem Wappen FrankreichsFleur-de-lis
17%
Spirituelle Bewegung, von China brutal unterdrücktFalun Gong
11%
Junge Frauen, trugen kurze Röcke, kurze Haare und hörten JazzFlapper
10%

Verteilung der Resultate

Perzentil nach korrekt beantworteten Fragen

Anzahl Personen mit jedem Resultat

Ihre Resultats-Entwicklung

Sie haben dieses Quiz noch nicht gespielt